Inventario provisional de la Hemeroteca del Protectorado (Sección Arabe) / (Record no. 109939)

MARC details
000 -LEADER
campo de control de longitud fija 00817nam a2200193 4500
001 - NÚMERO DE CONTROL
campo de control 109939
003 - IDENTIFICADOR DE NÚMERO DE CONTROL
campo de control ES-MaACL
005 - FECHA Y HORA DE LA ÚLTIMA TRANSACCIÓN
campo de control 20230906184939.0
007 - CAMPO FIJO DE DESCRIPCIÓN FÍSICA--INFORMACIÓN GENERAL
campo de control de longitud fija t|
008 - DATOS DE LONGITUD FIJA--INFORMACIÓN GENERAL
campo de control de longitud fija 061121s1953 mr r ||||1| spa d
100 1# - ENTRADA PRINCIPAL--NOMBRE DE PERSONA
Nombre de persona Ibn Azzuz HaKim, Mohammad.
9 (RLIN) 65006
245 10 - MENCIÓN DEL TÍTULO
Título Inventario provisional de la Hemeroteca del Protectorado (Sección Arabe) /
Mención de responsabilidad, etc. redactado por Mohammad Ibn Azzuz Haquim.
260 ## - PUBLICACIÓN, DISTRIBUCIÓN, ETC.
Lugar de publicación, distribución, etc. Tetuán :
Nombre del editor, distribuidor, etc. Editora Marroquí,
Fecha de publicación, distribución, etc. 1953.
300 ## - DESCRIPCIÓN FÍSICA
Extensión 77 h. ;
Dimensiones 22 cm.
500 ## - NOTA GENERAL
Nota general Texto en español y árabe.
500 ## - NOTA GENERAL
Nota general Precede al tít.: Alta Comisaria de España en Marruecos. Delegación de Educación y Cultura. Dirección de Archivos y Bibliotecas del Protectorado.
710 1# - ENTRADA AGREGADA--NOMBRE DE ENTIDAD CORPORATIVA
Nombre de entidad corporativa o nombre de jurisdicción como elemento de entrada Marruecos (Protectorado Español).
Unidad subordinada Delegación de Educación y Cultura.
9 (RLIN) 5652
852 ## - LOCALIZACIÓN
Ubicación ES-MaACL
Número de control de estantería C-11325
Sublocalización o colección R.38822
Holdings
Estatus retirado Estado de pérdida Estado de daño No para préstamo Biblioteca de origen Biblioteca actual Ubicación en estantería Fecha de adquisición Fuente de adquisición Total de préstamos Signatura topográfica completa Código de barras Visto por última vez Precio de reemplazo Tipo de ítem Koha
        Biblioteca del Ateneo de Madrid Biblioteca del Ateneo de Madrid Sala Palomar 17/01/2008     C-11325 1114707 23/02/2023 23/02/2023 Libro impreso